[Event "Budapest FS06 GM"]
[Site "Budapest"]
[Date "1995.??.??"]
[Round "8"]
[White "Enders, Peter"]
[Black "Lukacs, Peter"]
[Result "1/2-1/2"]
[WhiteElo "2480"]
[BlackElo "2490"]
[Annotator "Wedberg,T"]
[PlyCount "101"]
[EventDate "1995.06.??"]
[EventType "tourn"]
[EventRounds "11"]
[EventCountry "HUN"]
[EventCategory "9"]
[SourceTitle "CBM 049"]
[Source "ChessBase"]
[SourceDate "1995.12.01"]
[SourceVersion "1"]
[SourceVersionDate "1995.12.01"]
[SourceQuality "1"]

1. e4 e5 2. Nf3 Nc6 3. Bb5 a6 4. Ba4 Nf6 5. O-O Be7 6. Re1 b5 7. Bb3 d6 8. c3
O-O 9. h3 Bb7 10. d4 Re8 11. Nbd2 Bf8 12. a4 h6 13. Bc2 exd4 14. cxd4 Nb4 15.
Bb1 c5 16. d5 Nd7 17. Ra3 c4 18. Nd4 Qf6 19. N2f3 Nd3 20. Bxd3 b4 21. Rb3 $5 (
21. Bxc4 bxa3 22. b3 Nc5 {~/= Kasparov} 23. Qc2 Qg6 24. Nh4 Qf6 25. Nhf3 Qg6
26. Nh4 Qf6 {1/2-1/2 Anand,V-Kamsky,G (05)/PCA-WchQual Las Palmas/ 1995}) (21.
Ra1 cxd3 22. Qxd3 Nc5 $132) 21... cxb3 22. Nxb3 Ne5 23. Be2 Nxf3+ 24. Bxf3 Bc8
25. Na5 Bd7 26. Nc4 Rac8 27. Nb6 Rc7 28. a5 Bxh3 $5 29. gxh3 Rxc1 30. Qxc1 Qxf3
31. Qe3 Qf6 32. Nc4 Qh4 33. Qf3 g6 34. Re3 h5 35. b3 Qd8 36. Qf4 Qc7 37. Kg2
Rd8 38. Re2 Bg7 $10 39. Qe3 Qe7 40. f4 Qh4 41. Qb6 Bf8 42. Qc7 Re8 43. Nxd6
Bxd6 44. Qxd6 Rc8 45. Qxb4 Qxf4 46. Qd2 Qe5 47. Re3 Qg5+ 48. Kf1 Rc2 49. Qxc2
Qxe3 50. Kg2 h4 51. Qc8+ 1/2-1/2

[Event "Lausanne YM 4th"]
[Site "Lausanne"]
[Date "2003.09.20"]
[Round "2.2"]
[White "Naiditsch, Arkadij"]
[Black "Bacrot, Etienne"]
[Result "1/2-1/2"]
[WhiteElo "2574"]
[BlackElo "2645"]
[Annotator "Wedberg,T"]
[PlyCount "148"]
[EventDate "2003.09.17"]
[EventType "k.o."]
[EventRounds "3"]
[EventCountry "SUI"]
[SourceTitle "CBM 098"]
[Source "ChessBase"]
[SourceDate "2004.02.03"]
[SourceVersion "1"]
[SourceVersionDate "2004.02.03"]
[SourceQuality "1"]

1. e4 {Hecht} e5 2. Nf3 Nc6 3. Bb5 a6 4. Ba4 Nf6 5. O-O Be7 6. Re1 b5 7. Bb3 d6
8. c3 O-O 9. h3 Bb7 10. d4 Re8 11. Nbd2 Bf8 12. d5 Nb8 13. Nf1 Nbd7 14. N3h2
Nc5 15. Bc2 c6 16. b4 Ncd7 17. dxc6 Bxc6 18. Bg5 h6 19. Bxf6 Nxf6 20. Ng4 Nxg4
21. Qxg4 Bd7 $1 {Black has a hole on d5, but this is compensated by the weak
c3-P.} (21... d5 $6 {has been proven to be premature} 22. exd5 Qxd5 23. Bb3 Qd8
(23... Qd7 24. Qh5 $40 {1-0 McShane,L-Stefansson,H/Reykjavik 2003/CBM 94/
[McShane] (28)}) 24. Qh5 $16 {Adams-Ponomariov, Linares 2002}) 22. Qd1 (22. Qf3
Rc8 23. Bb3 Be6 24. Rad1 Re7 25. Rd3 Rec7 26. Ng3 Qg5 $132 {1/2-1/2 Vouldis,
A-Cela,A/Athens 1997/EXT 2004 (44)}) 22... Rc8 (22... Qc7 23. Ne3 $5 Qxc3 24.
Nd5 $44 {1/2-1/2 Qin Kanying-Li Ruofan/Tianjing 2003/EXT 2004 (42)}) 23. Re3
Be6 24. Bb3 Re7 25. Rg3 Rec7 {[%mdl 4] This looks fairly equal. White's
options are limited by the weakness of c3.} 26. Rc1 Qh4 27. Bd5 Bxd5 28. Qxd5
Rc4 29. Rf3 R8c7 30. Ng3 Qe7 31. Qd2 Qe6 32. Rc2 a5 33. a3 (33. bxa5 Ra7 $11)
33... axb4 34. axb4 g6 35. Qd3 h5 36. Nf1 Bh6 37. Nd2 Bxd2 {Now the draw seems
almost certain.} 38. Rxd2 R7c6 39. Rd1 Ra6 40. Qe2 Qe7 41. Rd5 Rac6 42. Qd2 (
42. Rxb5 Rxc3 43. Rxc3 Rxc3 {maybe something for White.}) 42... Rxe4 43. Rxb5
Kg7 44. Ra5 Rec4 45. b5 R6c5 46. Qa2 e4 $1 47. Ra7 Rc7 48. Rxc7 Rxc7 49. Re3
Qe5 50. b6 Rb7 51. Qa6 Qd5 52. Re1 Rb8 53. Rb1 Qd3 54. Qxd3 exd3 55. Kf1 Kf6
56. Ke1 Ke6 57. Kd2 Kd5 58. Rb4 Kc5 59. Rf4 f5 60. Rb4 Rxb6 $11 61. Rxb6 Kxb6
62. h4 Kc5 63. Kxd3 Kd5 64. c4+ Ke5 65. Kc3 {Hecht: '[#] Bis hierher ist
nichts passiert und die Remisbreite nicht überschritten.'} d5 {'?' Hecht.} (
65... Ke4 {Hecht} 66. Kb4 Kd4 67. Kb5 f4 68. Kc6 Kxc4 69. Kxd6 Kd3 70. Ke5 Ke2
71. Kxf4 Kxf2 72. Kg5 Kg3 $11) 66. cxd5 {'?' Hecht.} ({Naheliegend und stark
war} 66. c5 {(Hecht) mit Bildung eines entfernten Freibauern.} f4 (66... d4+
67. Kc4 d3 68. Kxd3 Kd5 69. Ke3 Kxc5 70. Kf4 Kd4 71. Kg5 Kd3 72. Kxg6 Ke2 73.
Kxf5 Kxf2 74. g4 $18) 67. f3 Kf6 68. Kd4 Ke6 69. c6 Kd6 70. c7 Kxc7 71. Kxd5
Kd7 72. Ke5 Ke7 73. Kxf4 Kf6 74. g3 Ke6 (74... g5+ 75. hxg5+ Kg6 76. Ke5 Kxg5
77. f4+ Kg4 78. f5 Kxg3 79. f6 h4 80. f7 h3 81. f8=Q h2 82. Qf1 $18) 75. Kg5
Kf7 76. f4 Kg7 77. f5 $18) 66... Kxd5 67. Kd3 Ke5 68. Ke3 f4+ {Hecht: 'Beruht
auf einer bekannten Pattidee!'} 69. Kd3 Kd5 70. f3 Ke5 71. Kc4 g5 72. hxg5 (72.
Kc5 {Hecht} Kf5 73. Kd5 gxh4 74. Kd4 Kg5 75. Ke5 h3 76. gxh3 Kh4 77. Kxf4 Kxh3
78. Kg5 h4 79. f4 Kg3 80. f5 $11) 72... Kf5 {Hecht} 73. Kd5 Kxg5 74. Ke5 Kh4 {
mit Pattrettung} 1/2-1/2

[Event "Odorheiu Secuiesc zt"]
[Site "Odorheiu Secuiesc"]
[Date "1995.??.??"]
[Round "4"]
[White "Hracek, Zbynek"]
[Black "Almasi, Zoltan"]
[Result "1-0"]
[WhiteElo "2595"]
[BlackElo "2590"]
[Annotator "Wedberg,T"]
[PlyCount "87"]
[EventDate "1995.03.??"]
[EventType "swiss"]
[EventRounds "9"]
[EventCountry "ROU"]
[SourceTitle "CBM 047"]
[Source "ChessBase"]
[SourceDate "1995.08.01"]
[SourceVersion "1"]
[SourceVersionDate "1995.08.01"]
[SourceQuality "1"]

1. e4 {Baburin} e5 2. Nf3 Nc6 3. Bb5 a6 4. Ba4 Nf6 5. O-O Be7 6. Re1 b5 7. Bb3
d6 8. c3 O-O 9. h3 Bb7 10. d4 Re8 11. Nbd2 Bf8 12. d5 Nb8 13. Nf1 Nbd7 14. Ng3
g6 15. Bg5 $5 (15. Be3 Nc5 (15... c6 $2 16. dxc6 Bxc6 17. Ng5 Re7 18. Qxd6 $16)
16. Bc2 c6 17. b4 Ncd7 18. dxc6 Bxc6 19. Bb3 Nb6 20. Qd3 Rb8 21. Rad1 Rb7 22.
Nh2 Bd7 23. Bxb6 Rxb6 24. Ngf1 Bh6 $10 {Short,N-Ivanchuk,V/Amsterdam/1994})
15... h6 {><h6} (15... Nc5 16. Bc2 c6 (16... h6 17. Be3 a5 18. Qd2 Kh7 19. Rad1
Qd7 20. b3 $14 {Rodriguez,Am-Ibragimov,I/Linares op/1994})) 16. Be3 Nc5 17. Bc2
c6 18. b4 Ncd7 19. dxc6 Bxc6 20. Qd2 Kh7 21. Bb3 $14 Qe7 22. Qd3 Reb8 {Baburin:
There is one square in Black's camp which can be regarded as a potential
outpost - the d5-square. However, at the moment Black controls it well, so
White should try to exchange the defenders of the d5-square.} (22... Red8 $5)
23. Nh2 Nb6 24. Ng4 Nxg4 25. hxg4 a5 26. a3 Bd7 27. f3 Be6 {Baburin: Black
wants to get control over the c4-square.} 28. Bxe6 Qxe6 {Baburin: Now Hracek
employs a typical plan - he eliminates the last defender of the outpost and
moves his Knight towards that desirable square.} (28... fxe6 $142 {Baburin
Black should prefer f7xe6, which would at least cover the weak d5-square.}) 29.
Bxb6 $1 $16 {ץf8} Rxb6 30. Nf1 Be7 31. Ne3 Bh4 32. Nd5 Rb7 {Baburin:White has
got a superior Knight, well placed in the centre,against inefficient black
Bishop. Now he begins to play on the Q-side, where the influence of the Knight
is great and where there potential targets to attack.} 33. Reb1 Qc8 34. Kh2 {
Baburin:In order to stop any play connected with Bh4-g3 and Qc8-d8-h4.} Qd8 35.
g3 Bg5 36. a4 axb4 37. Rxb4 Qb8 38. Qb1 Raa7 39. a5 Ra6 40. c4 Bd8 41. Rxb5
Rxb5 42. cxb5 Rxa5 43. Rxa5 Bxa5 44. b6 (44. b6 Qb7 45. Qa2 Be1 46. Qa7 $18)
1-0

[Event "MK Cafe Cup-A"]
[Site "Koszalin"]
[Date "1999.08.11"]
[Round "8"]
[White "Jaracz, Pawel"]
[Black "Onischuk, Alexander"]
[Result "0-1"]
[WhiteElo "2477"]
[BlackElo "2657"]
[Annotator "Wedberg,T"]
[PlyCount "56"]
[EventDate "1999.08.03"]
[EventType "swiss"]
[EventRounds "9"]
[EventCountry "POL"]
[SourceTitle "CBM 073"]
[Source "ChessBase"]
[SourceDate "1999.12.01"]
[SourceVersion "1"]
[SourceVersionDate "1999.12.01"]
[SourceQuality "1"]

1. e4 e5 2. Nf3 Nc6 3. Bb5 a6 4. Ba4 Nf6 5. O-O Be7 6. Re1 b5 7. Bb3 d6 8. c3
O-O 9. h3 Nd7 10. d4 Bf6 11. a4 Bb7 12. d5 (12. Na3 {or}) (12. axb5 {are the
most common choices.}) 12... Na5 13. Bc2 Nb6 14. b4 Nac4 15. a5 {White gives
away his flexibility and hopes to win a P by attacking c4.} Nd7 {The N is set
for the K-side.} (15... Nc8 16. Bb3 c6 17. dxc6 Bxc6 18. Bxc4 bxc4 19. Na3 Qc7
20. Qe2 Qb7 21. Nxc4 Bb5 22. Qa2 Qc6 23. Nfd2 Rd8 24. Qb3 d5 $132 {1/2-1/2
Mecking,H-Lhagva,J/Nice 1974/MCD (28)}) 16. Bb3 Be7 17. Bxc4 bxc4 18. Nfd2 f5 {
Onischuk just gives the P and proceeds with active play on the K-side.} 19. Na3
Nf6 20. f3 {[%csl Rf2,Rg3,Rh2] This creates a lot of holes around the K.} Nh5
21. Nf1 fxe4 22. fxe4 Bh4 23. Re2 Qf6 $40 24. Be3 Qg6 25. Qc2 Nf4 26. Bxf4 exf4
27. Nxc4 (27. e5 Qxc2 28. Nxc2 Bxd5 $17) 27... f3 28. Re3 $2 (28. Rd2 Rae8 $17)
28... Bxd5 $1 0-1

[Event "Amsterdam m"]
[Site "Amsterdam"]
[Date "1995.09.23"]
[Round "2"]
[White "Timman, Jan H"]
[Black "Piket, Jeroen"]
[Result "1-0"]
[WhiteElo "2595"]
[BlackElo "2625"]
[Annotator "Wedberg,T"]
[PlyCount "75"]
[EventDate "1995.09.??"]
[EventType "match"]
[EventRounds "10"]
[EventCountry "NED"]
[SourceTitle "CBM 050"]
[Source "ChessBase"]
[SourceDate "1996.02.01"]
[SourceVersion "1"]
[SourceVersionDate "1996.02.01"]
[SourceQuality "1"]

1. e4 e5 2. Nf3 Nc6 3. Bb5 a6 4. Ba4 Nf6 5. O-O Be7 6. Re1 b5 7. Bb3 d6 8. c3
O-O 9. h3 Bb7 10. d4 Re8 11. Nbd2 Bf8 12. a4 h6 13. Bc2 exd4 14. cxd4 Nb4 15.
Bb1 c5 16. d5 Nd7 17. Ra3 f5 18. Nh2 {White wants Black to exchange on e4 in
this line. The open diagonal b1-h7 offers a strong attack. Keeping this in
mind makes it much easier to understand why Black is so reluctant to win a
pawn.} (18. Rae3) (18. exf5) (18. g4) 18... c4 (18... Nf6 19. Rf3 Re5 20. Rxf5
Rxf5 21. exf5 Bxd5 22. Ng4 $40 {Wahls,M-Enigk,F/Berliner Sommer/1993}) 19. Rf3
Re5 20. Rg3 $1 (20. Rxf5 Rxf5 21. exf5 Nf6 {And Black keeps his blockade on
the b1-h7 diagonal.}) 20... Nf6 21. b3 $1 c3 (21... fxe4 {The move Black
normally hopes to avoid.} 22. bxc4 bxc4 23. Nxc4 (23. Nxe4 Bxd5 $13) 23... Rxd5
24. Qb3 a5 25. Bxh6 $40) 22. Rxc3 fxe4 23. Nxe4 Nxe4 24. Bxe4 $16 Rxe4 25. Rxe4
Nxd5 26. Rg3 Nc3 27. Rxc3 Bxe4 28. Ng4 $40 h5 $2 (28... Kh7 $142) 29. Nh6+ $1
gxh6 30. Rg3+ Kf7 (30... Kh7 31. Qd4 Bg6 32. Bb2 $18) 31. Qxh5+ Ke6 32. Qg4+
Kd5 33. Re3 Qe7 (33... Bh7 34. Qf3+ Kc5 35. Rc3+ Kb4 36. Rc6 Bg7 37. Qg4+ $18)
34. f3 Bg7 35. Rxe4 Be5 36. Re1 Qh7 37. Rd1+ Kc6 38. f4 1-0

[Event "Julian Borowski-A 3rd"]
[Site "Essen"]
[Date "2001.05.04"]
[Round "3"]
[White "Lutz, Christopher"]
[Black "Smagin, Sergey"]
[Result "1-0"]
[WhiteElo "2614"]
[BlackElo "2613"]
[Annotator "Wedberg,T"]
[PlyCount "91"]
[EventDate "2001.05.02"]
[EventType "tourn"]
[EventRounds "9"]
[EventCountry "GER"]
[EventCategory "15"]
[SourceTitle "CBM 083"]
[Source "ChessBase"]
[SourceDate "2001.07.05"]
[SourceVersion "1"]
[SourceVersionDate "2001.07.05"]
[SourceQuality "1"]

1. e4 e5 2. Nf3 Nc6 3. Bb5 a6 4. Ba4 Nf6 5. O-O Be7 6. Re1 b5 7. Bb3 d6 8. c3
O-O 9. h3 Nd7 10. d4 Bf6 11. a4 Bb7 12. Na3 exd4 13. cxd4 Re8 14. axb5 axb5 15.
Bf4 Na5 16. Bc2 b4 17. Nb5 Bc6 18. Qd3 b3 $146 {[%mdl 8]} (18... Nf8 19. d5 Bd7
20. e5 dxe5 21. Nxe5 b3 22. Nxd7 Qxd7 23. Rxe8 Rxe8 24. Bb1 Nb7 25. Nxc7 $16 {
1/2-1/2 Gelfand,B-Svidler,P/Biel 2000/CBM 79/[Gelfand] (33)}) (18... g6 $142 $5
{Gelfand}) 19. Bb1 (19. Bxb3 Nxb3 20. Rxa8 Bxa8 21. Qxb3 Rxe4 $11) 19... Qb8
20. Nc3 $14 {White has a nice centre. But the P on b3 is slightly annoying.
True, it´s a bit weak, but it also restricts White´s options. All in all a
fairly balanced situation. But a slight plus to White for good central control.
} (20. e5 $6 g6 21. exf6 Rxe1+ 22. Nxe1 Bxb5 $13) 20... g6 $1 {Clearly the
best setup, avoiding tricks on the b1-h7 diagonal.} 21. Rc1 Nb6 {[%cal Yb6c4]}
22. Nd2 Bd7 23. Ra3 Bg7 24. Be3 (24. Nxb3 $2 Nbc4 $17) (24. Nd1 $5 Ba4 25. d5
$14 {[%csl Rc7] Creates a new target in the black camp.}) 24... c6 25. Qf1 (25.
Ne2 c5 (25... d5 26. Qc3 $16) 26. Bf4 Na4 $132) 25... d5 $1 $11 {[%csl Gc4]
[%cal Yb6c4]} 26. exd5 (26. e5 $6 Nbc4 $1 $15) 26... cxd5 27. Bd3 Bf8 28. Raa1
Bb4 29. Bb5 Qd6 30. Bxd7 Qxd7 31. Qd3 Rec8 32. Nd1 Rxc1 33. Rxc1 Qa4 34. Bh6 $1
{Opening up a new front.} Re8 (34... Nbc4 $2 35. Nxc4 Nxc4 36. Qf3 $1 $16) (
34... Bf8 $5 35. Bxf8 Rxf8 36. Rc3 Rc8 $13) 35. Ne3 Bxd2 $14 {[%csl Gh6] Now
the B on h6 becomes ruler on the black squares.} 36. Qxd2 Nac4 37. Nxc4 Nxc4
38. Qf4 Qc6 $2 (38... Qa6 $142 39. Qf3 Nxb2 40. Rc7 Qe6 41. Qxb3 Nc4 $14) 39.
Qf3 $1 $16 {[%cal Yf3c6][%mdl 64]} f6 (39... Rb8 $2 40. Rxc4 Qxc4 41. Qf6 $18)
40. Qxb3 g5 41. h4 gxh4 42. Qh3 Qe6 43. Qxh4 Qf5 44. b3 Na5 45. Rc7 Kh8 46.
Bg7+ 1-0

[Event "GER-ch 71st"]
[Site "Altenkirchen"]
[Date "1999.11.18"]
[Round "7"]
[White "Kindermann, Stefan"]
[Black "Slobodjan, Roman"]
[Result "0-1"]
[WhiteElo "2527"]
[BlackElo "2550"]
[Annotator "Wedberg,T"]
[PlyCount "74"]
[EventDate "1999.11.12"]
[EventType "swiss"]
[EventRounds "9"]
[EventCountry "GER"]
[SourceTitle "CBM 074"]
[Source "ChessBase"]
[SourceDate "2000.02.01"]
[SourceVersion "1"]
[SourceVersionDate "2000.02.01"]
[SourceQuality "1"]

1. e4 e5 2. Nf3 Nc6 3. Bb5 a6 4. Ba4 Nf6 5. O-O Be7 6. Re1 b5 7. Bb3 d6 8. c3
O-O 9. h3 Re8 10. d4 Bb7 11. Nbd2 Bf8 12. d5 {The advantage of this move is
that White slows the game down and avoids the immense complications in the
main lines.} Nb8 13. Nf1 h6 14. Ng3 c6 15. dxc6 Bxc6 16. Nh2 Nbd7 17. Ng4 Nxg4
(17... Nc5 18. Nxf6+ Qxf6 19. Bd5 Bxd5 20. Qxd5 Qe6 21. Rd1 Qxd5 22. Rxd5 $14 {
1/2-1/2 Korneev,O-Dutreeuw,M/Werfen 1992/EXT 97 (50)}) 18. hxg4 Nc5 (18... g6
19. Qf3 Qe7 20. g5 Nc5 21. gxh6 Nxb3 22. axb3 Qe6 23. b4 $14 {1/2-1/2 Schauer,
J-Janousek,P/Klatovy 1997/EXT 98 (38)}) 19. Bd5 Bxd5 20. Qxd5 Na4 (20... Qh4
21. Qd1 g6 22. Qf3 Rad8 23. Rd1 $14 {1/2-1/2 Franzen,J-Marek,S/SVK 1998/EXT
2000 (116)}) 21. Nf5 Re6 22. Qd1 Rc8 23. Qe2 Nc5 24. f3 g6 25. Ne3 Be7 {
[%csl Rg1][%cal Ye7h4,Yh4g3] The dead B rises again.} 26. Nd5 (26. g3 $142 {
Strengthening the black squares around the K and also preparing for some
action on the h-file.} Bg5 27. Nd5 $14) 26... Bh4 27. Rd1 Bg3 28. Ne3 $6 {
Panic?! This part of the game gives the impression that timepressure is a
strong factor.} (28. Qe3 $1 g5 (28... h5 29. Qg5 $16) (28... Qh4 29. Qxh6 $18)
29. Bd2 $16) 28... Bf4 29. Nf1 Bxc1 30. Raxc1 Kg7 {Whites weakened K-side
gives Black something to play for, especially with little time left on the
clock.} 31. Rd2 Qe7 32. Rcd1 Rh8 33. b3 h5 34. gxh5 Rxh5 35. Rd5 Rf6 36. Qd2
Rf4 37. Rxd6 $4 {[%mdl 8192]} (37. Ng3 Rg5 38. Qf2 Rf6 $14) 37... Nxe4 $1 {
[%mdl 64]} (37... Nxe4 38. fxe4 Qh4 $19) 0-1

[Event "Corus"]
[Site "Wijk aan Zee"]
[Date "2000.01.28"]
[Round "11"]
[White "Polgar, Judit"]
[Black "Piket, Jeroen"]
[Result "1-0"]
[WhiteElo "2658"]
[BlackElo "2633"]
[Annotator "Wedberg,T"]
[PlyCount "89"]
[EventDate "2000.01.15"]
[EventType "tourn"]
[EventRounds "13"]
[EventCountry "NED"]
[EventCategory "18"]
[SourceTitle "CBM 075"]
[Source "ChessBase"]
[SourceDate "2000.04.05"]
[SourceVersion "1"]
[SourceVersionDate "2000.04.05"]
[SourceQuality "1"]

1. e4 e5 2. Nf3 Nc6 3. Bb5 a6 4. Ba4 Nf6 5. O-O Be7 6. Re1 b5 7. Bb3 d6 8. c3
O-O 9. h3 Nd7 10. d4 Bf6 11. a3 $5 {Definitely a side line. There are two
ideas associated with this move. The first is to keep the B on the a2-f7
diagonal by stashing it away on a2. The second is to prevent Nb4 after Bc2 and
exd4 cxd4. So it´s quite an ambitious try.} (11. a4 {and}) (11. Be3 {are the
usual choices.}) 11... Bb7 12. Ba2 (12. Qd3 $2 {this does not mix well with a3.
} exd4 13. cxd4 Nxd4 $1 14. Nxd4 Nc5 15. Qg3 Bxd4 $17 {0-1 Apicella,M-Bellia,F/
Vinkovci 1989/CBM 16 (90)}) (12. Bc2 {The second option connected to 11.a3.}
Ne7 13. Nbd2 c5 14. d5 c4 15. Nf1 g6 16. g4 Bg7 17. Ng3 Nc5 18. Kh2 f5 19. gxf5
gxf5 20. Bg5 fxe4 21. Nxe4 Nxe4 22. Bxe4 Qd7 23. Rg1 $40 {1-0 Averbakh,
Y-Alatortsev,V/Moscow 1946/MCD (39)}) 12... Ne7 13. d5 h6 (13... Qb8 14. c4 c5
15. dxc6 Bxc6 16. Nc3 bxc4 17. Bxc4 Nc5 18. b4 Ne6 19. Be3 $14 {1-0 Matanovic,
A-Watzka,H/Vrnjacka Banja 1967/EXT 98 (38)}) 14. Be3 c6 15. dxc6 Bxc6 16. Nbd2
Qc7 17. Rc1 Nc5 (17... d5 18. exd5 Nxd5 (18... Bxd5 19. c4 bxc4 20. Nxc4 $36)
19. c4 Nxe3 20. Rxe3 $14) 18. Bb1 Qb7 19. Nh2 Ne6 20. Ba2 Ng6 21. Ng4 Be7 22.
g3 d5 {Opening up the centre is a bit dangerous since White is better
developed. Black could well have waited for a while.} (22... Rad8 23. Bxh6 gxh6
24. Nxh6+ Kg7 (24... Kh7 25. Nxf7 $40) 25. Nf5+ Kg8 26. Qh5 d5 27. exd5 Bxd5
28. Bxd5 Rxd5 29. Nh6+ (29. Ne4 Ng7 $15) 29... Kg7 30. Nf5+ $11) 23. Nf3 $1 {
[%mdl 2048] An excellent answer. White´s pieces are more active in the
following play. The P on e4 hems Black´s play and is also a weakness.} dxe4 24.
Nfxe5 Rad8 25. Qe2 Nxe5 26. Nxe5 Bd5 27. c4 bxc4 28. Bxc4 Bf6 $2 (28... Bxc4
29. Rxc4 (29. Qxc4 Rc8 30. Nc6 Bc5 $1 $11) 29... Rc8 30. Rec1 Rxc4 31. Rxc4 Rc8
$11) 29. Bxa6 Qa8 30. Ng4 Bxb2 31. Qxb2 Qxa6 32. Red1 $6 (32. Bxh6 $1 {Judit
is not known to scorn this type of attack. Perhaps she missed the follow-up.}
f5 33. Rc7 $3 $18) 32... f5 33. Ne5 Rb8 34. Qa1 Rfd8 $6 (34... Bb3 $142) 35.
Ng6 $1 $16 {[%cal Yg6e7,Ya1e5]} Kh7 36. Qe5 (36. Ne7 $16) 36... Kxg6 37. Rxd5
Rxd5 38. Qxd5 Rb5 39. Qd7 Rb7 40. Qc8 $18 Kh7 41. Kg2 f4 42. gxf4 Rb6 43. f5
Ng5 44. Bxb6 Qxb6 45. Qc6 1-0

[Event "Ubeda op 5th"]
[Site "Ubeda"]
[Date "2000.01.26"]
[Round "8"]
[White "Iordachescu, Viorel"]
[Black "Pilgaard, Kim"]
[Result "1-0"]
[WhiteElo "2560"]
[BlackElo "2377"]
[Annotator "Wedberg,T"]
[PlyCount "83"]
[EventDate "2000.01.19"]
[EventType "swiss"]
[EventRounds "10"]
[EventCountry "ESP"]
[SourceTitle "CBM 075"]
[Source "ChessBase"]
[SourceDate "2000.04.05"]
[SourceVersion "1"]
[SourceVersionDate "2000.04.05"]
[SourceQuality "1"]

{[%mdl 4] This game is a nice model for the white side of a closed Ruy Lopez.
First he locks the centre and then the Q-side. Finally he attacks with
everything on the K-side.} 1. e4 e5 2. Nf3 Nc6 3. Bb5 a6 4. Ba4 Nf6 5. O-O Be7
6. Re1 b5 7. Bb3 d6 8. c3 O-O 9. h3 Nd7 10. d4 Bf6 11. Be3 Na5 12. Bc2 Nc4 13.
Bc1 c5 (13... Bb7 {main line.}) 14. a4 (14. b3 Ncb6 15. Be3 c4 16. d5 Bb7 17.
b4 a5 18. a4 $1 $16 {1-0 Karpov,A-Torre,E/Hannover 1983/MCL/[ChessBase] (31)})
14... Bb7 15. d5 (15. Qd3 Ncb6 16. b3 Re8 $6 (16... bxa4 17. bxa4 cxd4 18. cxd4
Rc8 $13) 17. axb5 axb5 18. Rxa8 Qxa8 19. dxe5 dxe5 20. Qxb5 $16 {1-0 Kovalev,
A-Smagin,S/Germany 1992/GER-chT (40)}) 15... Ncb6 16. a5 Nc8 17. c4 $14 (17. b4
{is another way to block the Q-side. Iordanchescu´s choice gives more support
to the d5-wedge. This might be important in a later stage if Black tries to
break with f5.}) 17... b4 (17... bxc4 18. Nbd2 $14) 18. Nbd2 g6 19. Nf1 Bg7 20.
g4 $5 {[%csl Rf5][%cal Yf1g3,Yc2f5,Yg3f5,Yg4f5] With the Q-side closed White
starts preparations for a K-side assault. This is a standard strategy in the
Ruy Lopez. The first measure is to prevent f5 from Black.} Ne7 21. Ng3 Bc8 {
Black also prepares for the ensuing battle on the K-side. In principle Black
would like to strike first with f5. At the present this is impossible due to
White´s control over f5.} 22. Kh1 h6 23. Rg1 Nf6 24. Rg2 Kh8 25. Be3 Neg8 {
Black´s defensive setup looks a bit suspicious.} 26. g5 $1 $40 {Black is not
well placed to handle an open position on the K-side.} hxg5 27. Nxg5 Nh7 28. h4
Bh6 29. Qd2 f6 30. Nxh7 Bxe3 31. Qxe3 Kxh7 32. f4 Nh6 33. Rag1 $2 {A mistake
in a good position. Suddenly Black has a chance to take the initiative.} (33.
f5 $40) 33... Bh3 (33... Ng4 $1 34. Qf3 f5 35. Rf1 Qxh4+ 36. Kg1 fxe4 37. Qxe4
Bf5 38. Nxf5 gxf5 39. Qe2 e4 40. Bxe4 fxe4 41. Rxg4 Rg8 $17) 34. Rd2 Rg8 35.
Bd1 Bg4 36. Bxg4 Nxg4 37. Qf3 Nh6 (37... f5 38. Kg2 $40) 38. Rdg2 Qd7 39. f5 $1
$40 gxf5 40. Nxf5 Rxg2 41. Rxg2 Nxf5 42. Qh5+ 1-0

[Event "RUS-ch"]
[Site "Elista"]
[Date "1995.??.??"]
[Round "1"]
[White "Geller, Efim P"]
[Black "Ibragimov, Ildar"]
[Result "0-1"]
[WhiteElo "2465"]
[BlackElo "2580"]
[Annotator "Wedberg,T"]
[PlyCount "50"]
[EventDate "1995.10.??"]
[EventType "swiss"]
[EventRounds "11"]
[EventCountry "RUS"]
[SourceTitle "CBM 050"]
[Source "ChessBase"]
[SourceDate "1996.02.01"]
[SourceVersion "1"]
[SourceVersionDate "1996.02.01"]
[SourceQuality "1"]

1. e4 e5 2. Nf3 Nc6 3. Bb5 a6 4. Ba4 Nf6 5. O-O Be7 6. Re1 b5 7. Bb3 d6 8. c3
O-O 9. h3 Re8 10. d4 Bb7 11. Nbd2 Bf8 12. Bc2 g6 13. d5 Nb8 14. Nf1 (14. b3 {
Planning to support d5 is solid and standard.}) 14... c6 15. dxc6 Bxc6 16. Ng3
Nbd7 17. Be3 $6 (17. Bg5 Qc7 18. Qd2 {1/2-1/2 Singh,J-Burshaid,L/Novi Sad olm 
(13) FIJ-BAR 1990}) 17... Nc5 18. Nd2 (18. Bg5 $142) 18... d5 $1 $15 19. Qf3 $2
(19. exd5 Qxd5 20. f3 $15) 19... Nfxe4 20. Ndxe4 dxe4 21. Nxe4 $2 f5 $19 22.
Bxc5 Bxc5 23. Rad1 fxe4 24. Bxe4 Bxe4 25. Qxe4 Qb6 0-1